00558nam a2200193Ia 450000500170000000800410001702000150005808200130007310000210008624500470010726000380015430000130019265000170020565000100022265000140023294200060024695200970025299900150034920250623023636.0240331s9999 xx 000 0 und d a9555535588 bRAJa323 aRajapaksha,D.S.N 0aManawa himikam janamadyaha rajya anapanath aWarakapolabArya Publishersc2008 a208 p ., aHuman Rights aMedia aState Law cL 001040708LaWERCLbWERCLcSSCd2024-03-31l0o 323.4 RAJp6309r2024-03-31w2024-03-31yL c5050d5050